Foot Of The Mountain (a-ha) - Lyrics - Statistics

General Stats
  • This quiz has been taken 4 times
  • The average score is 139 of 210
Answer Stats
Verse 1 % Correct
By
100%
Could
100%
Foot
100%
Live
100%
Mountain
100%
Of
100%
The
100%
We
100%
A
50%
Alibi
50%
All
50%
Always
50%
Analyze
50%
And
50%
Back
50%
Be
50%
Build
50%
But
50%
Clear
50%
Clever
50%
Come
50%
Everything
50%
Do
50%
Easy
50%
Ends
50%
Everything
50%
Fence
50%
From
50%
Hold
50%
Home
50%
How
50%
In
50%
It
50%
It's
50%
Just
50%
Keep
50%
Know
50%
Learn
50%
Leave
50%
Light
50%
Lines
50%
Longest
50%
Make
50%
Mistake
50%
Morning
50%
My
50%
Need
50%
Never
50%
Night
50%
No
50%
Others
50%
Perfect
50%
Picket
50%
Rhymes
50%
Right
50%
See
50%
Silence
50%
So
50%
Speak
50%
Spoken
50%
Stay
50%
Take
50%
There
50%
There's
50%
Through
50%
To
50%
Tonight
50%
Us
50%
What
50%
When
50%
White
50%
Will
50%
Wins
50%
Yard
50%
Yes
50%
You
50%
Your
50%
No matching quizzes found
Score Distribution
Percent of People with Each Score
Percentile by Number Answered
Your Score History
You have not taken this quiz